000 00865nam a2200289Ia 4500
008 170203s9999 xx 000 0 und d
020 _a0 753405180
050 _a0 30
050 _bW219i 1996
100 _aWalpole, Brenda.
245 4 _aThe sun rises and other questions about time and seasons /
245 _cBrenda Walpole.
260 _aDanbury, Connecticut :
260 _bGrolier,
260 _c2003
300 _a32 pages :
300 _bcolor illustrations ;
300 _c29 cm.
440 _aI wonder why series.
500 _aOriginally published: London : Kingfisher, c1996.
650 _aChildren's questions and answers.
650 _aSeasons -- Miscellanea --
650 _aTime -- Miscellanea --
650 _xJuvenile literature.
650 _xJuvenile literature.
700 _aI wonder why the sun rises., Title.
999 _c305625
_d305625